Hình tượng nhân vật trẻ em trong tiểu thuyết tuổi thơ dữ dội của Phùng Quán: Khóa luận tốt nghiệp
Giới thiệu nhân vật trẻ em trong tiểu thuyết tuổi thơ dữ dội của Phùng Quán; Các phương tiện thể hiện nhân vật trẻ em trong tiểu thuyết tuổi thơ dữ dội của Phùng Quán.
Đã lưu trong:
| Tác giả chính: | |
|---|---|
| Định dạng: | Sách |
| Năm xuất bản: |
Quảng Bình:
[k.đ],
2014
|
| Chủ đề: | |
| Tags: |
Thêm thẻ
Không có thẻ, Hãy là người đầu tiên gắn thẻ bản ghi này!
|
| LEADER | 00868nam a2200145 4500 | ||
|---|---|---|---|
| 082 | |a 895.92230078 |b NG527TH | ||
| 100 | |a Nguyễn Thị Vượng | ||
| 245 | |a Hình tượng nhân vật trẻ em trong tiểu thuyết tuổi thơ dữ dội của Phùng Quán: |b Khóa luận tốt nghiệp |c Nguyễn Thị Vượng; Nguyễn Thị Nga hướng dẫn | ||
| 260 | |a Quảng Bình: |b [k.đ], |c 2014 | ||
| 300 | |a 63tr.; |c 29cm. | ||
| 520 | |a Giới thiệu nhân vật trẻ em trong tiểu thuyết tuổi thơ dữ dội của Phùng Quán; Các phương tiện thể hiện nhân vật trẻ em trong tiểu thuyết tuổi thơ dữ dội của Phùng Quán. | ||
| 653 | |a Tiểu thuyết | ||
| 942 | |2 ddc |c KL | ||
| 999 | |c 12681 |d 12681 | ||
| 952 | |0 0 |1 0 |2 ddc |4 0 |6 895_922300780000000_NG527TH |7 0 |8 800 |9 105849 |a qbu |b qbu |c D1 |d 2016-03-21 |o 895.92230078 NG527TH |p LA101.c1 |r 0000-00-00 |w 2016-03-21 |y KL | ||